| 000 | 01743cam a22004574i 4500 | ||
|---|---|---|---|
| 003 | PE-LiUPU | ||
| 005 | 20250731173458.0 | ||
| 008 | 150616s1992 waua r 000 0 eng d | ||
| 020 | _a1880317087 | ||
| 035 | _a(Sirsi) i9781880317082 | ||
| 040 |
_aPE-LiUPU _bspa _cPE-LiUPU _erda |
||
| 049 | _aPRUA | ||
| 082 | 0 | 4 |
_a296.67 _bS47 _221 |
| 100 | 1 |
_aShanks, Hershel, _eautor. |
|
| 245 | 1 | 0 |
_aChristianity and Rabbinic Judaism; a parallel history of their origins and early development / _cHershel Shanks. |
| 264 | 1 |
_aWashington : _bBiblical Archaeology Society, _c1992. |
|
| 300 |
_a380 páginas : _bilustraciones ; _c23 centímetros |
||
| 336 |
_atext _2rdacontent |
||
| 337 |
_aunmediated _2rdamedia |
||
| 338 |
_avolume _2rdacarrier |
||
| 505 | 0 | _aPalestinian and diaspora Judaism in the first Century -- The life of Jesus -- After the crucifixion-Christinity through Paul -- Judaism from the destruction of Jerusalem to the end of the second Jewish revolt: 70-312 -- Judaism to the Mishnah. | |
| 526 | _aSEG42 | ||
| 526 | _aSEG41 | ||
| 526 | _aSEG40 | ||
| 526 | _aSEG39 | ||
| 526 | _aP94 | ||
| 526 | _aP87 | ||
| 526 | _aP86 | ||
| 526 | _aP85 | ||
| 526 | _aP77 | ||
| 526 | _aP76 | ||
| 526 | _aP35 | ||
| 650 | 0 | 4 | _aCristianismo. |
| 910 |
_ajck _bjvq _cjck |
||
| 942 |
_2ddc _cBOOK |
||
| 949 |
_a296.67 S47 _wDEWEY _c1 _i40188 _lCCODEBUL1 _mBUL _r0 _sY _tBOOK _u2015-6-16 _xTEOLOGIA _zUNKNOWN _0COMPRA _o.STAFF. Colección General |
||
| 994 |
_aC0 _bPEPRU |
||
| 596 | _a1 | ||
| 999 |
_a296.67 S47 _wDEWEY _c57984 _i40188 _d57984 _f2021-11-11 _g5 _lCCODEBUL1 _mBUL _p24.06 _q2 _r0 _sY _tBOOK _u2015-6-16 _xTEOLOGIA _PP35 _0COMPRA _o.STAFF. Colección Teología |
||
| 980 |
_81 _gALBERTO SANCHEZ Responsable de Automatización |
||